Textbook of Environmental Studies (Record no. 11202)

MARC details
000 -LEADER
fixed length control field 00438nmm a2200157 a 4500
020 ## - INTERNATIONAL STANDARD BOOK NUMBER
ISBN 818356531X
022 ## - INTERNATIONAL STANDARD SERIAL NUMBER
ISSN 978-8183565318
100 1# - MAIN ENTRY--AUTHOR NAME
Personal name Kanagasabai, S.
245 10 - TITLE STATEMENT
Title Textbook of Environmental Studies
260 ## - PUBLICATION, DISTRIBUTION, ETC. (IMPRINT)
Place of publication [S.l.] :
Name of publisher PHI,
Year of publication 2010.
300 ## - PHYSICAL DESCRIPTION
Number of Pages 1 online resource (176 p.)
500 ## - GENERAL NOTE
General note Kindle eBook.
650 ## - SUBJECT ADDED ENTRY--TOPICAL TERM
Topical Term Environmental
856 40 - ELECTRONIC LOCATION AND ACCESS
Uniform Resource Identifier http://www.amazon.com/exec/obidos/ASIN/B00K7YGXQ4/chopaconline-20
942 ## - ADDED ENTRY ELEMENTS (KOHA)
Koha item type Books
Holdings
Withdrawn status Lost status Home library Current library Date acquired Cost, normal purchase price Full call number Accession Number Koha item type
    Central Library, QUEST, Nawabshah Central Library, QUEST, Nawabshah 27/10/2014 200.00 628.1KAN 50899 Books
    Central Library, QUEST, Nawabshah Central Library, QUEST, Nawabshah 27/10/2014 200.00 628.1KAN 50900 Books